000
00267nam a2200109Ia 4500
008
190913s9999||||xx |||||||||||||| ||und||
100
_a
Shannon,McPherron
245
0
_a
Using Computers In Archaeology
260
_a
USA
_b
McGraw Hill
_c
1998
300
_a
163
942
_c
BK
999
_c
8176
_d
8176